Synonymes ou Antonymes ? - Statistiques

Statistiques générales
  • Ce quiz a été pris 428 fois
  • Le résultat moyen est 14 sur 20
Statistiques - réponses
Hint Explanation Réponse % Correct
Aigre / Doux
Aigre : Agressif
Doux : Tendre
Antonymes
85%
Perspicacité / Clairvoyance Qualité de quelqu'un qui juge avec justesse Synonymes
85%
Fervent / Dévoué Qui a de l'ardeur, de l'empressement à faire quelque chose, zélé Synonymes
85%
Fariboles / Balivernes Paroles vaines et frivoles Synonymes
82%
Prompt / Rapide Qui ne tarde pas Synonymes
80%
Philantrope / Égoïste
Philantrope :Personne généreuse cherchant à aider les autres
Égoïste : Individualiste, qui ne pense qu'à soi, qui rapporte tout à soi
Antonymes
77%
Exhubérance / Opulence Grande abondance Synonymes
73%
Taciturne / Loquace
Taciturne : Qui parle peu, silencieux
Loquace : Bavard
Antonymes
71%
Impacide / Craintif
Impacide : Qui n'éprouve aucune crainte
Craintif : Peureux
Antonymes
69%
Lacunaire / Exhaustif
Lacunaire : Incomplet
Exhaustif : Qui traire entièrement un sujet
Antonymes
69%
Quémander / Proposer
Quémander :Demander humblement et avec insistance
Proposer : Faire connaître à qqn, soumettre à son choix
Antonymes
69%
Fortuite / Prévisible
Fortuite : Qui se produit par hasard, de manière imprévue
Prévisible : Qui peut être prévu
Antonymes
68%
Vindicatif / Rancunier Qui est porté à se venger, qui ne pardonne pas Synonymes
68%
Pugnace / Belliqueux Qui aime le combat Synonymes
67%
Mansuétude / Clémence Disposition à pardonner généreusement Synonymes
66%
Impitoyable / Magnanime
Impitoyable : Qui n'a aucune pitié
Magnanime : Qui a de la grandeur d'âme et est enclin à la générosité, au pardon
Antonymes
65%
Revêche / Affable
Revêche : Qui manifeste un mauvais caractère, désagréable
Affable : Qui accueille aimablement les gens
Antonymes
59%
Caustique / Acerbe Qui cherche à blesser ; qui critique avec méchanceté Synonymes
58%
Exsangue / Livide Qui est d'une très grande pâleur Synonymes
58%
Délétère / Salubre
Délétère : Nocif
Salubre : Sain
Antonymes
57%
Aucun quiz correspondant
Distribution des résultats
% des personnes avec chaque résultat
Percentile par nombre de réponses
Votre historique - résultats
Vous n’avez pas pris ce quiz